000 00531nam a22001937a 4500
999 _c6276
_d6276
003 OSt
005 20190830114741.0
008 190830b ||||| |||| 00| 0 eng d
020 _a0867202289
040 _cDDC
082 _a571.6 SAD 1993
100 _aSadava, David E.
_912892
245 _aCell Biology: organelle structure and function
260 _aBoston
_bJones and Bartlett,
_c1993
300 _aXVII,698P;
_bcol.ill:
_c26cm
504 _aAppendices,& index included
650 _aCell biology
_95671
942 _2z
_cB_BANK